<?xml version="1.0" encoding="UTF-8"?>
<record
    xmlns:xsi="http://www.w3.org/2001/XMLSchema-instance"
    xsi:schemaLocation="http://www.loc.gov/MARC21/slim http://www.loc.gov/standards/marcxml/schema/MARC21slim.xsd"
    xmlns="http://www.loc.gov/MARC21/slim">

  <leader>00942nam a22002537a 4500</leader>
  <controlfield tag="005">20170123164145.0</controlfield>
  <datafield tag="010" ind1=" " ind2=" ">
    <subfield code="a">B-055171</subfield>
  </datafield>
  <datafield tag="020" ind1=" " ind2=" ">
    <subfield code="a">8178830434</subfield>
    <subfield code="c">150.00</subfield>
  </datafield>
  <datafield tag="035" ind1=" " ind2=" ">
    <subfield code="a">B-055171</subfield>
  </datafield>
  <datafield tag="037" ind1=" " ind2=" ">
    <subfield code="b">Cen Lib / Ret</subfield>
  </datafield>
  <datafield tag="040" ind1=" " ind2=" ">
    <subfield code="a">DPL</subfield>
  </datafield>
  <datafield tag="082" ind1=" " ind2=" ">
    <subfield code="a">&#xA73;</subfield>
    <subfield code="b">&#xA05;&#xA2E;&#xA30;</subfield>
  </datafield>
  <datafield tag="100" ind1=" " ind2=" ">
    <subfield code="a">&#xA05;&#xA2E;&#xA30;&#xA1C;&#xA40;&#xA24; &#xA38;&#xA3F;&#xA70;&#xA18; </subfield>
    <subfield code="9">128713</subfield>
  </datafield>
  <datafield tag="245" ind1=" " ind2=" ">
    <subfield code="a">&#xA05;&#xA23;&#xA1C;&#xA3F;&#xA71;&#xA2D;&#xA40; &#xA32;&#xA70;&#xA15;&#xA3E; &#xA26;&#xA47; &#xA30;&#xA3E;&#xA2E; :</subfield>
    <subfield code="c">&#xA05;&#xA2E;&#xA30;&#xA1C;&#xA40;&#xA24; &#xA38;&#xA3F;&#xA70;&#xA18; </subfield>
    <subfield code="b">&#xA28;&#xA3E;&#xA35;&#xA32; /</subfield>
  </datafield>
  <datafield tag="246" ind1=" " ind2=" ">
    <subfield code="a">Anjitti lanka de ram : novel /</subfield>
    <subfield code="b">by Amarjit Singh </subfield>
  </datafield>
  <datafield tag="260" ind1=" " ind2=" ">
    <subfield code="a">&#xA32;&#xA41;&#xA27;&#xA3F;&#xA06;&#xA23;&#xA3E; </subfield>
    <subfield code="b">&#xA1A;&#xA47;&#xA24;&#xA28;&#xA3E; &#xA2A;&#xA4D;&#xA30;&#xA15;&#xA3E;&#xA38;&#xA3C;&#xA28; </subfield>
    <subfield code="c">2001</subfield>
  </datafield>
  <datafield tag="270" ind1=" " ind2=" ">
    <subfield code="b">&#xA26;&#xA3F;&#xA71;&#xA32;&#xA40; </subfield>
    <subfield code="e">413613</subfield>
    <subfield code="a">&#xA2A;&#xA70;&#xA1C;&#xA3E;&#xA2C;&#xA40; &#xA2D;&#xA35;&#xA28; </subfield>
  </datafield>
  <datafield tag="300" ind1=" " ind2=" ">
    <subfield code="a">219p.</subfield>
    <subfield code="c">22cm(Hb)</subfield>
  </datafield>
  <datafield tag="650" ind1=" " ind2=" ">
    <subfield code="a">&#xA38;&#xA3E;&#xA39;&#xA3F;&#xA24; -- &#xA2A;&#xA70;&#xA1C;&#xA3E;&#xA2C;&#xA40; </subfield>
    <subfield code="9">128714</subfield>
  </datafield>
  <datafield tag="650" ind1=" " ind2=" ">
    <subfield code="a">&#xA2A;&#xA70;&#xA1C;&#xA3E;&#xA2C;&#xA40;  &#xA28;&#xA3E;&#xA35;&#xA32; </subfield>
    <subfield code="9">128715</subfield>
  </datafield>
  <datafield tag="650" ind1=" " ind2=" ">
    <subfield code="a">Literature -- Punjabi </subfield>
    <subfield code="9">128716</subfield>
  </datafield>
  <datafield tag="650" ind1=" " ind2=" ">
    <subfield code="a">Punjabi Novel</subfield>
    <subfield code="9">6285</subfield>
  </datafield>
  <datafield tag="942" ind1=" " ind2=" ">
    <subfield code="2">ddc</subfield>
    <subfield code="c">PN</subfield>
    <subfield code="e">2005</subfield>
    <subfield code="h">&#xA13;</subfield>
    <subfield code="m">&#xA05;&#xA2E;&#xA30;</subfield>
  </datafield>
  <datafield tag="999" ind1=" " ind2=" ">
    <subfield code="c">109947</subfield>
    <subfield code="d">109947</subfield>
  </datafield>
  <datafield tag="952" ind1=" " ind2=" ">
    <subfield code="0">0</subfield>
    <subfield code="1">0</subfield>
    <subfield code="4">0</subfield>
    <subfield code="7">0</subfield>
    <subfield code="a">L</subfield>
    <subfield code="b">L</subfield>
    <subfield code="d">2016-01-11</subfield>
    <subfield code="e">Cen Lib/Ret</subfield>
    <subfield code="g">150.00</subfield>
    <subfield code="l">0</subfield>
    <subfield code="o">&#xA73; &#xA05;&#xA2E;&#xA30;</subfield>
    <subfield code="p">B-055171</subfield>
    <subfield code="r">2016-01-11 00:00:00</subfield>
    <subfield code="t">1</subfield>
    <subfield code="v">150.00</subfield>
    <subfield code="w">2016-01-11</subfield>
    <subfield code="y">PN</subfield>
  </datafield>
</record>
